| 000 | 00551nam a2200217Ia 4500 | ||
|---|---|---|---|
| 001 | 18422 | ||
| 003 | GE_BSU | ||
| 008 | 181216s||||||||xx |||||||||||||| ||und|| | ||
| 020 | _a9780761930396 | ||
| 040 | _cGE_BSU | ||
| 080 | _a331.105.44 | ||
| 245 | _aHandbook of Career Studies | ||
| 245 | _cEdited by Hugh Gunz, Peiperl Maury | ||
| 260 | _aLos Angeles | ||
| 260 | _bSage | ||
| 260 | _c2007 | ||
| 300 | _a629 p. 26 cm. | ||
| 653 | _aHandbook of Career Studies | ||
| 653 | _aშრომის ორგანიზაცია | ||
| 942 | _cBK | ||
| 999 |
_c51436 _d51436 |
||